Undesirable immigrants: (Record no. 1431039)

MARC details
000 -LEADER
fixed length control field 00882nam a22002417a 4500
005 - DATE AND TIME OF LATEST TRANSACTION
control field 20250526152251.0
008 - FIXED-LENGTH DATA ELEMENTS--GENERAL INFORMATION
fixed length control field 250526b |||||||| |||| 00| 0 eng d
020 ## - INTERNATIONAL STANDARD BOOK NUMBER
International Standard Book Number 9780691238746 (pbk)
037 ## - SOURCE OF ACQUISITION
Terms of availability TB
040 ## - CATALOGING SOURCE
Original cataloging agency CRL
Transcribing agency CRL
041 ## - LANGUAGE CODE
Source of code eng
Language code of text/sound track or separate title eng
084 ## - COLON CLASSIFICATION NUMBER
Classification number U425 R2
Assigning agency CRL
100 ## - MAIN ENTRY--PERSONAL NAME
Personal name Rosenberg, Andrew S.
9 (RLIN) 810727
245 ## - TITLE STATEMENT
Title Undesirable immigrants:
Remainder of title Why racism persists in interational miration
260 ## - PUBLICATION, DISTRIBUTION, ETC.
Place of publication, distribution, etc. Princeton, USA:
Name of publisher, distributor, etc. Princeton University Press,
Date of publication, distribution, etc. 2022.
300 ## - PHYSICAL DESCRIPTION
Extent xxiii, 359p.
365 ## - TRADE PRICE
Price amount 35.00
Currency code USD
490 ## - SERIES STATEMENT
Series statement Princeton studies in international history and politics. Editor Tanisha M. Fazal
650 ## - SUBJECT ADDED ENTRY--TOPICAL TERM
Topical term or geographic name entry element Geography
9 (RLIN) 810728
650 ## - SUBJECT ADDED ENTRY--TOPICAL TERM
Topical term or geographic name entry element Immigration
9 (RLIN) 810729
942 ## - ADDED ENTRY ELEMENTS (KOHA)
Source of classification or shelving scheme Colon Classification (CC)
Koha item type Textbook
Classification part U425 R2
Suppress in OPAC No
Holdings
Withdrawn status Lost status Source of classification or shelving scheme Damaged status Not for loan Home library Current library Date acquired Source of acquisition Cost, normal purchase price Inventory number Total Checkouts Full call number Barcode Date last seen Price effective from Koha item type
    Colon Classification (CC)     Central Library Central Library 2025-05-26 Elite Publishers Distributors 35.00 15033 & 2024-12-19   U425 R2 CL1682187 2025-05-26 2025-05-26 Textbook
Copyright @ Delhi University Library System